00657nam a2200241 a 4500001001300000003000900013005001700022008004100039020001000080082001500090100001700105245002900122260004400151300000900195500003500204505001900239650001500258700001700273902000800290942000700298952009500305999001500400nice12345678IN_TiNIC20260116012032.0050524s1879 luda grc 000 0 49g  ac10000a226.6bIMA aImaduddin, P aTafseer-E-Kitab-E-Aamal. aLudhiyanabAmerican Mission Pressc1879 a636p aincludes index and biblioraphy2 aReserve copies aBible-Acts1 aImaduddin, P bRBA cPC 00104070aHMIbHMId2007-06-20g100.00l0o226.6 IMAp5217r2007-06-20w2026-01-16yARB c5368d5368